000 00481nam a2200193 a 4500
001 1757999702895
003 ACL
005 20250916105538.0
008 250916s2004##################000#0#eng##
020 _a9780816044788
082 0 4 _a791.43658
_bDAV
100 1 _aDavenport, Robert Ralsey,
_eauthor.
245 1 0 _aThe Encyclopedia of War Movies :
260 _bFacts on File,
_c2004.
300 _a452 pages
650 0 _aArt.
942 _cENGLISH
040 _aACL
_beng
_cACL
999 _c587293
_d587293